Country Quiz: Turkmenistan 🇹🇲 - Statistics

General Stats
  • This quiz has been taken 19 times
  • The average score is 14 of 30
Answer Stats
Hint Answer % Correct
Time zones 1 (UTC+5)
88%
Between 1925-1990s, Turkmenistan was part of this communist union Soviet Union
88%
Language Turkmen
88%
Independence 1991
75%
Capital Ashgabat
75%
Bordering Seas Caspian sea
75%
Iran
75%
Kazakhstan
75%
1/44 Countries to lack access to any ocean, otherwise known as... Landlocked
75%
Uzbekistan
75%
Bordering Countries Afghanistan
63%
Main Religion Islam
63%
State-Condition Republic
63%
Nationality Turkmenistani
63%
Measurement System Metric
50%
4th century BC, this historical King conquers Central Asia (region of modern-day Turkmenistan Alexander the Great
38%
Renowned Leader (2006-2022) Gurbanguly Berdimuhamedow
38%
Founding Father and Most Famous Leader Saparmurat Niyazov
38%
Current Leader (2022-) Serdar Berdimuhamedow
38%
Democratic Status Authoritarian
25%
Currency Manat
25%
Type of Government Presidential
25%
Main Economic Sector Primary / Agriculture
25%
National Animal Horse
13%
Second-Largest City Türkmenabat
13%
Unitary
13%
National Dish Ishleki
0%
Main Export Mineral Fuels
0%
Climate Subtropical
0%
National Sport Weightlifting
0%
No matching quizzes found
Score Distribution
Percent of People with Each Score
Percentile by Number Answered
Your Score History
You have not taken this quiz